Estatísticas para Mapa das Cidades de Portugal

Clique aqui para jogar o quiz

Estatísticas Gerais

  • Esse quiz foi jogado 87 vezes
  • A pontuação média é 8 de 10

Respostas no mapa

Respostas codificadas por cores de uma escala verde-vermelha no mapa do quiz de acordo com a % correta abaixo.
 

Estatísticas das Respostas

Resposta% Correto
Faro
93%
Porto
87%
Ponta Delgada
86%
Coimbra
85%
Funchal
85%
Lisboa
85%
Aveiro
77%
Braga
77%
Vila Franca de Xira
75%
Guimarães
70%

Distribuição das Pontuações

Percentil de Números Respondidos

Porcentagem de Pessoas com Cada Pontuação

Sua Pontuação Histórica

Você não jogou esse quiz